Statistics for Countries Closest to Iraq - One Minute Sprint

Click here to take the quiz!

General Stats

  • This quiz has been taken 106 times
  • The average score is 14 of 20

Answer Stats

kmcountrymiles% Correct
0Iran0
98%
0Saudi Arabia0
94%
0Turkey0
92%
0Syria0
88%
0Kuwait0
86%
686United Arab
Emirates
426
82%
292Israel181
81%
0Jordan0
78%
220Lebanon137
78%
448Bahrain378
77%
492Qatar306
76%
222Armenia138
72%
211Azerbaijan131
70%
419Georgia260
69%
468Egypt291
64%
510Russia317
63%
463Cyprus288
51%
697Turkmenistan433
46%
834Kazakhstan518
25%
321Palestine199
18%

Score Distribution

Percentile by Number Answered

Percent of People with Each Score

Your Score History

You have not taken this quiz